Statistics for Scotland by Picture

Click here to take the quiz!

General Stats

  • This quiz has been taken 178 times
  • The average score is 18 of 28

Answer Stats

Answer % Correct
Shetland pony
94%
Old Course at St Andrews
93%
Loch Ness
91%
Edinburgh Castle
89%
single malt whisky
89%
Robert Burns
85%
Highland cattle
84%
Andy Murray
84%
Nicola Sturgeon
84%
Celtic Football Club
80%
red squirrel
74%
Forth Bridge
73%
Ewan McGregor
73%
Chris Hoy
66%
Annie Lennox
65%
Alexander Graham Bell
62%
Orkney
61%
tweed
61%
Robert the Bruce
56%
The Kelpies
56%
Adam Smith
54%
Glencoe
52%
Glenfinnan Viaduct
48%
West Highland terrier
47%
Charles Rennie Mackintosh
33%
John Knox
32%
John Muir
16%
Donovan
14%

Score Distribution

Percentile by Number Answered

Percent of People with Each Score

Your Score History

You have not taken this quiz